| 000 | 00832cam a2200193 4500 | ||
|---|---|---|---|
| 001 | ##L132831 | ||
| 008 | 060310n1951 000 0 eng u | ||
| 035 | _a(Sirsi) u132831 | ||
| 041 | 0 | _aeng | |
| 050 | 0 | 4 | _a808.066 $2 18 |
| 100 | 1 | _aWilks, H. Mark | |
| 245 | 0 | 0 | _aReport writing and proofs of evidence |
| 260 |
_aLondon _bThe Estates Gazette Ltd _c1951 |
||
| 300 | _avii, 124p $2 2cm | ||
| 505 | 2 | _aForm and style -- Preparation and inspection -- Form of simple reports -- Residential properties and offices -- Special properties -- Agricultural properties -- Liability -- Proofs of evidence. | |
| 520 | _aA practical guide for the surveyor on how to write reports or proofs of evidence for various types of property. | ||
| 690 | _aMANAGEMENT-BUSINESS MANAGEMENT-COMMUNICATION-WRITTEN COMMUNICATION SKILLS | ||
| 942 | _n0 | ||
| 999 |
_c105252 _d105252 |
||